[Event "Let's Play Chess!"]
[Site "http://www.queenalice.com/game.php?id=1865754"]
[Date "2025.11.19"]
[Round "-"]
[White "alow_proton"]
[Black "Capixabba789"]
[Result "1-0"]
[WhiteElo "1688"]
[BlackElo "1968"]

1. e4 d6 2. d4 Nf6 3. Nc3 Bg4 4. Be2 Bxe2 5. Ngxe2 e6 6. O-O Be7 7. b3 O-O 8.
Bb2 Nc6 9. d5 Ne5 10. h3 c5 11. f4 Ng6 12. Ng3 a6 13. a4 b6 14. Nce2 exd5 15.
exd5 Nh4 16. c4 Qd7 17. Qd3 Rfe8 18. Nc3 a5 19. Nce4 Ng6 20. Nxf6+ Bxf6 21. Bxf6
gxf6 22. Nf5 Kh8 23. Nh6 Kg7 24. Nf5+ Kg8 25. Nh6+ Kg7 26. Nf5+ Kg8 27. g3 Ne7
28. g4 Nxf5 29. gxf5 Kh8 30. Kh2 Rg8 31. Rg1 Qe7 32. Rae1 Rxg1 33. Rxe7 1-0

[Event "Let's Play Chess!"]
[Site "http://www.queenalice.com/game.php?id=1865755"]
[Date "2025.11.19"]
[Round "-"]
[White "Capixabba789"]
[Black "alow_proton"]
[Result "1/2-1/2"]
[WhiteElo "1959"]
[BlackElo "1805"]

1. e4 c5 2. f4 e6 3. Nf3 Nc6 4. Be2 d5 5. e5 c4 6. d4 Be7 7. c3 Nh6 8. O-O O-O
9. b4 a6 10. a4 Bd7 11. Nbd2 Nf5 12. Nb1 Na7 13. Na3 Qc7 14. Ng5 h6 15. Nh3 b5
16. a5 g6 17. Qe1 Bh4 18. g3 Be7 19. g4 Ng7 20. f5 exf5 21. Bxh6 fxg4 22. Nf4
Kh7 23. Bxg7 Kxg7 24. Nxd5 Qd8 25. Nxe7 Qxe7 26. Qg3 Qe6 27. Nc2 Kg8 28. Ne3 Nc6
29. Nxg4 Kg7 30. Qg2 Ne7 31. Nf6 Bc6 32. Bf3 Rad8 33. Bxc6 Qxc6 34. Qxc6 Nxc6
35. Rad1 Rfe8 36. Nxe8+ Rxe8 37. Rf6 Re6 38. Rdf1 Nd8 39. Rxe6 fxe6 40. Kg2 Nc6
41. Kf3 Ne7 42. Ke4 Nd5 43. Rf3 Kg8 44. h4 Kg7 45. Rg3 Kh6 46. Rf3 Kg7 47. Rh3
Kh6 48. Rg3 Kh5 49. Rg5+ Kh6 50. Rg3 1/2-1/2

[Event "Let's Play Chess!"]
[Site "http://www.queenalice.com/game.php?id=1865783"]
[Date "2025.11.19"]
[Round "-"]
[White "Capixaba789"]
[Black "alow_proton"]
[Result "1-0"]
[WhiteElo "1889"]
[BlackElo "1735"]

1. b3 d5 2. Bb2 d4 3. e4 dxe3 4. Bb5+ c6 5. Be2 exf2+ 6. Kxf2 Nf6 7. Nf3 Bg4 8.
Re1 e6 9. Kg1 Be7 10. Na3 O-O 11. d4 Nbd7 12. Nc4 Qc7 13. Rf1 Nd5 14. Nce5 Ne3
15. Qd3 Bf5 16. Qxe3 Bxc2 17. Bc4 b5 18. Be2 f6 19. Ng4 Qd6 20. Rac1 Bg6 21. Nh4
Bf7 22. Nf3 Nb6 23. Rc2 Nd5 24. Qd2 a5 25. Rfc1 Be8 26. Qe1 h5 27. Nf2 Ne3 28.
Rc3 Nd5 29. Ne4 Qd8 30. Rd3 Nb4 31. Rdd1 Nxa2 32. Ra1 Nb4 33. Bd3 Nd5 34. Nc5
Qc8 35. Nxe6 Rf7 36. Bg6 Bd7 37. Bxf7+ Kxf7 38. Nc5 Bg4 39. Rd3 Nb4 40. Rd2 g6
41. Qf1 Qc7 42. Rf2 Nd5 43. Qe2 Re8 44. Ne5+ Kg7 45. Nxg4 hxg4 46. Ne6+ 1-0

[Event "Let's Play Chess!"]
[Site "http://www.queenalice.com/game.php?id=1865784"]
[Date "2025.11.19"]
[Round "-"]
[White "alow_proton"]
[Black "Capixaba789"]
[Result "1-0"]
[WhiteElo "1660"]
[BlackElo "1865"]

1. e4 e5 2. f4 d5 3. exd5 exf4 4. Nf3 Qxd5 5. Nc3 Qd8 6. d4 Nf6 7. Bxf4 c6 8. a3
Be6 9. Ng5 Bg4 10. Nf3 Be7 11. Bc4 O-O 12. O-O Nbd7 13. Qd3 Qb6 14. b4 h6 15.
Ne5 Rad8 16. Nxg4 Nxg4 17. h3 Nde5 18. Bxe5 Nxe5 19. Na4 Qxd4+ 20. Qxd4 Rxd4 21.
Bb3 Bf6 22. Rad1 Rxd1 23. Rxd1 Rd8 24. Rxd8+ Bxd8 25. Nc5 Bb6 26. Kf1 Bxc5 27.
bxc5 Nd7 28. Ke2 Nxc5 29. Bc4 Kf8 30. Ke3 Ke7 31. Kd4 f6 32. Kxc5 Kd7 33. a4 f5
34. a5 g5 35. Bd3 f4 36. Be2 Kc7 37. c4 b6+ 38. axb6+ axb6+ 39. Kd4 Kd6 40. Bf3
c5+ 41. Ke4 1-0

[Event "Let's Play Chess!"]
[Site "http://www.queenalice.com/game.php?id=1865838"]
[Date "2025.11.19"]
[Round "-"]
[White "Capixaba789"]
[Black "alow_proton"]
[Result "0-1"]
[WhiteElo "1833"]
[BlackElo "1773"]

1. d4 d5 2. Nc3 Nf6 3. f4 Bg4 4. Nf3 e6 5. e3 c5 6. Be2 Nc6 7. O-O a6 8. Ne5 Bf5
9. a3 Ne4 10. Nxe4 Bxe4 11. c3 Be7 12. Qe1 O-O 13. Bf3 Bxf3 14. Rxf3 c4 15. Bd2
Bh4 16. g3 Be7 17. Qf2 f5 18. Qg2 Rf6 19. Raf1 Nxe5 20. fxe5 Rg6 21. Be1 Bg5 22.
Kh1 b5 23. g4 Be7 24. Bg3 Rxg4 25. Rf4 Rg6 26. Qf2 Rh6 27. Rg1 Kh8 28. Qg2 Qg8
29. Bf2 g5 30. Rf3 g4 31. Rf4 Bg5 32. Bg3 Bxf4 33. Bxf4 Rh3 34. Bg3 Qg5 35. Bf4
Qh5 36. Bg3 Qf7 37. Qf2 Qe7 38. Ra1 a5 39. Rb1 a4 40. Bf4 Kg7 41. Rg1 Rg8 42.
Rg3 Qh4 43. Qg2 Kf7 44. Qg1 Qh5 45. Qg2 Kf8 46. Qg1 Qg6 47. Qg2 h5 48. Rxh3 gxh3
49. Qxg6 Rxg6 50. Bg3 Rg4 0-1

[Event "Let's Play Chess!"]
[Site "http://www.queenalice.com/game.php?id=1865841"]
[Date "2025.11.20"]
[Round "-"]
[White "alow_proton"]
[Black "Capixaba789"]
[Result "1-0"]
[WhiteElo "1753"]
[BlackElo "1865"]

1. e4 Nf6 2. e5 Nd5 3. c4 Nf4 4. d4 Ng6 5. Nf3 e6 6. Bg5 Be7 7. Be3 d5 8. c5 Nc6
9. Bd3 a6 10. Qa4 Bd7 11. Qb3 b5 12. a3 Na5 13. Qc2 Nc4 14. Bc1 c6 15. b3 Na5
16. Bd2 Rb8 17. O-O Nh4 18. Nxh4 Bxh4 19. g3 Be7 20. Qc3 Qc7 21. Qxa5 Qb7 22.
Qc3 f5 23. b4 O-O 24. f4 Qc8 25. Be2 Qe8 26. Qf3 Qg6 27. Qg2 Be8 28. Qh3 h6 29.
Rf2 Kh8 30. Rg2 Bf7 31. g4 fxg4 32. Qxg4 Qh7 33. Rg3 Rg8 34. Kf2 Qe4 35. Be3
Rbf8 36. Nd2 Qh7 37. Nf3 Be8 38. Rf1 Rf5 39. Rh3 g6 40. Bd3 Rh5 41. Rg3 Bf7 42.
Rfg1 Qg7 43. Bxg6 Bxg6 44. Qxg6 Qxg6 45. Rxg6 Rxg6 46. Rxg6 1-0

[Event "Let's Play Chess!"]
[Site "http://www.queenalice.com/game.php?id=1865842"]
[Date "2025.11.20"]
[Round "-"]
[White "Capixaba789"]
[Black "alow_proton"]
[Result "0-1"]
[WhiteElo "1887"]
[BlackElo "1725"]

1. b3 d5 2. Bb2 d4 3. d3 e5 4. e4 Bb4+ 5. Nd2 Nf6 6. f4 exf4 7. Nf3 Bg4 8. Be2
c5 9. O-O Be6 10. Nc4 Bxc4 11. bxc4 Ng4 12. Bc1 Ne3 13. Bxe3 fxe3 14. Ne5 O-O
15. Rb1 Qe7 16. Nf3 Nc6 17. Kh1 Rab8 18. Ng1 Ba5 19. Nh3 g5 20. Bg4 f6 21. Rf5
Bc7 22. Qf1 Ne5 23. Bh5 Qg7 24. Qe2 Qh6 25. Rbf1 Bd6 26. g4 Qg7 27. a4 Rbc8 28.
Ng1 Rc6 29. Nf3 Ra6 30. Nxe5 fxe5 31. Rxf8+ Bxf8 32. Rf7 Qh6 33. Rxb7 Rxa4 34.
Qf3 Rb4 35. Qf7+ Kh8 36. Rxa7 Rb6 37. Ra8 Rf6 38. Qd5 Rf1+ 39. Kg2 Qf6 40. Rxf8+
Qxf8 41. Qxe5+ Rf6 42. Be8 Qg7 43. Qxc5 Rf2+ 44. Kg3 Qf6 0-1

[Event "Let's Play Chess!"]
[Site "http://www.queenalice.com/game.php?id=1865857"]
[Date "2025.11.20"]
[Round "-"]
[White "Capixaba789"]
[Black "alow_proton"]
[Result "1/2-1/2"]
[WhiteElo "1904"]
[BlackElo "1647"]

1. b3 d5 2. Bb2 c5 3. f4 Bg4 4. Nf3 Bxf3 5. exf3 e6 6. Bb5+ Nc6 7. Bxc6+ bxc6 8.
O-O Nf6 9. d3 Bd6 10. f5 O-O 11. fxe6 fxe6 12. Nc3 d4 13. Ne4 Nxe4 14. fxe4 Qc7
15. h3 Rf7 16. Qg4 Qe7 17. Rxf7 Qxf7 18. Bc1 Rf8 19. Qe2 Be5 20. Bd2 Qg6 21. Rf1
Rxf1+ 22. Qxf1 Bg3 23. Qf3 Bd6 24. Qg4 Qf6 25. Qf3 e5 26. a4 Kf7 27. Qxf6+ gxf6
28. Kf2 Kg6 29. Kf3 1/2-1/2

[Event "Let's Play Chess!"]
[Site "http://www.queenalice.com/game.php?id=1865858"]
[Date "2025.11.20"]
[Round "-"]
[White "alow_proton"]
[Black "Capixaba789"]
[Result "1-0"]
[WhiteElo "1615"]
[BlackElo "1900"]

1. e4 e5 2. f4 d5 3. exd5 exf4 4. Nf3 Qxd5 5. Nc3 Qd8 6. d4 Be7 7. Bxf4 c6 8. a4
Nf6 9. Bc4 O-O 10. O-O a5 11. Qd3 Nbd7 12. Bg5 Ng4 13. Bxe7 Qxe7 14. Rae1 Qd6
15. Ne4 Qc7 16. h3 Nh6 17. Neg5 g6 18. Re7 Nf5 19. Nxf7 Rxf7 20. Rxf7 Kh8 21.
Ng5 1-0

[Event "Let's Play Chess!"]
[Site "http://www.queenalice.com/game.php?id=1865925"]
[Date "2025.11.20"]
[Round "-"]
[White "alow_proton"]
[Black "alterego"]
[Result "0-1"]
[WhiteElo "1842"]
[BlackElo "1503"]

1. e4 g6 2. e5 e6 3. Nf3 Bg7 4. d4 Ne7 5. Bg5 a6 6. a4 a5 7. Bb5 c6 8. Bc4 d5 9.
Bb3 Nd7 10. c4 O-O 11. Nc3 f6 12. exf6 Nxf6 13. O-O Qd6 14. c5 Qc7 15. Ne5 Ne4
16. f4 Nxg5 17. fxg5 Nf5 18. Re1 b6 19. g4 Nh4 20. Rf1 Ba6 21. Nf3 Nxf3+ 22.
Rxf3 Rf7 23. Kg2 Raf8 24. Rxf7 Rxf7 25. Ne2 Bxe2 26. Qxe2 Bxd4 27. Rf1 Rxf1 28.
Qxf1 Qe5 29. Qf3 Qxg5 30. cxb6 Bxb6 31. Bc2 Qd2+ 0-1

[Event "Let's Play Chess!"]
[Site "http://www.queenalice.com/game.php?id=1865926"]
[Date "2025.11.20"]
[Round "-"]
[White "alterego"]
[Black "alow_proton"]
[Result "0-1"]
[WhiteElo "1533"]
[BlackElo "1812"]

1. d4 d5 2. c4 c6 3. c5 Nf6 4. g3 Bg4 5. Bg2 Qd7 6. Nf3 Bh3 7. O-O Bxg2 8. Kxg2
e6 9. Ne5 Qc7 10. Bf4 Qd8 11. b4 a6 12. Nc3 Be7 13. f3 O-O 14. e4 Nbd7 15. Nxd7
Nxd7 16. e5 f6 17. Bd2 fxe5 18. dxe5 Nxe5 19. f4 Nc4 20. Bc1 Bf6 21. a4 Bxc3 22.
Ra2 Bxb4 23. Qg4 Qf6 24. Raf2 Bxc5 25. Rf3 h6 26. f5 exf5 27. Rxf5 Qe7 28. Rxf8+
Rxf8 29. Bxh6 Rxf1 30. Kxf1 Qf6+ 31. Bf4 Ne3+ 0-1

[Event "Let's Play Chess!"]
[Site "http://www.queenalice.com/game.php?id=1865946"]
[Date "2025.11.22"]
[Round "-"]
[White "alow_proton"]
[Black "Capixaba789"]
[Result "1-0"]
[WhiteElo "1864"]
[BlackElo "1791"]

1. e4 e5 2. f4 d5 3. exd5 exf4 4. Nf3 Qxd5 5. Nc3 Qd8 6. d4 Nf6 7. Bxf4 c6 8. a3
Be7 9. Bc4 O-O 10. O-O Bg4 11. Qd3 Nbd7 12. Ne5 Nxe5 13. Bxe5 Bh5 14. b4 Bg6 15.
Qe2 Rc8 16. Rad1 Nd5 17. Qf3 Bxc2 18. Rd2 Bg6 19. Bxd5 cxd5 20. Nxd5 Rc6 21.
Nxe7+ Qxe7 22. Re2 Re6 23. Ref2 f6 24. Bf4 Re8 25. h3 Re1 26. d5 Rxf1+ 27. Rxf1
Be4 28. Qb3 Kh8 29. d6 Qd7 30. b5 h6 31. Qc4 Bg6 32. Qc7 Qxb5 33. Qc3 Bd3 34.
Rd1 Qb6+ 35. Kh2 Bb5 36. d7 Bxd7 37. Rxd7 Qa6 38. Qd3 Qxd3 39. Rxd3 Re7 40. g4
a6 41. Rc3 Rd7 42. Rc7 Rxc7 43. Bxc7 Kg8 44. Kg3 Kf7 45. Kf4 Ke6 46. a4 g6 47.
h4 Kd5 48. a5 Ke6 49. g5 hxg5+ 50. hxg5 fxg5+ 51. Kxg5 Kd5 52. Kxg6 Kc5 53. Bb6+
Kc6 54. Kf6 Kd7 55. Ke5 Kc6 56. Ke6 1-0

[Event "Let's Play Chess!"]
[Site "http://www.queenalice.com/game.php?id=1865947"]
[Date "2025.11.22"]
[Round "-"]
[White "Capixaba789"]
[Black "alow_proton"]
[Result "0-1"]
[WhiteElo "1802"]
[BlackElo "1827"]

1. e4 c5 2. d4 cxd4 3. c3 dxc3 4. Bc4 Nc6 5. Nf3 cxb2 6. Bxb2 d6 7. O-O Nf6 8.
Nbd2 e5 9. Ng5 Be6 10. Nxe6 fxe6 11. Bxe6 Qe7 12. Bb3 a6 13. f4 O-O-O 14. f5 g6
15. Be6+ Kb8 16. Qb3 Bh6 17. Nc4 Nxe4 18. Bd5 Nc5 19. Qa3 Qc7 20. Bxc6 Qxc6 21.
f6 Rhf8 22. Qh3 Bg5 23. Nxe5 dxe5 24. Bxe5+ Ka8 25. Qxh7 Be3+ 26. Kh1 Ne4 27. h3
Qe6 28. Bb2 Ng3+ 29. Kh2 Nxf1+ 30. Rxf1 Bd4 31. Bxd4 Rxd4 32. Rb1 Qf7 0-1

[Event "Let's Play Chess!"]
[Site "http://www.queenalice.com/game.php?id=1866024"]
[Date "2025.11.22"]
[Round "-"]
[White "alow_proton"]
[Black "Capixabba789"]
[Result "1/2-1/2"]
[WhiteElo "1846"]
[BlackElo "1940"]

1. e4 Nf6 2. e5 Nd5 3. c4 Nb6 4. Nf3 e6 5. Be2 d5 6. cxd5 Nxd5 7. d4 Be7 8. Nc3
c6 9. O-O O-O 10. a3 Nd7 11. Nxd5 cxd5 12. b4 Nb6 13. Qb3 f5 14. Ne1 Bd7 15. Bd2
Bg5 16. f4 Bh6 17. a4 Rc8 18. Nf3 Be8 19. a5 Nc4 20. Bxc4 Rxc4 21. Rfc1 Rxc1+
22. Rxc1 Bb5 23. Be3 Bc4 24. Qb2 b5 25. Nd2 a6 26. Nf3 Qe8 27. h3 Qd8 28. Qd2 g6
29. h4 Bg7 30. Ng5 Qe7 31. g3 h6 32. Nh3 Kh7 33. Nf2 Re8 34. Nd3 Bxd3 35. Qxd3
Qxb4 36. Bd2 Qe7 37. Rc6 Ra8 38. Qb3 Qa7 39. Qc3 g5 40. fxg5 hxg5 41. Bxg5 Bxe5
42. Be3 Bxg3 43. Rxe6 f4 44. Qd3+ Kh8 45. Bf2 Bxf2+ 46. Kxf2 Qh7 47. Qf3 Qc2+
48. Re2 Qf5 49. Re5 Qc2+ 50. Re2 Qf5 51. Re5 Qc2+ 52. Re2 1/2-1/2

[Event "Let's Play Chess!"]
[Site "http://www.queenalice.com/game.php?id=1866025"]
[Date "2025.11.22"]
[Round "-"]
[White "Capixabba789"]
[Black "alow_proton"]
[Result "0-1"]
[WhiteElo "1912"]
[BlackElo "1817"]

1. e4 c5 2. f4 e6 3. Nf3 Nf6 4. d3 Be7 5. Be2 O-O 6. O-O d6 7. c4 Nc6 8. Nc3 a6
9. Be3 Ng4 10. Bd2 f5 11. exf5 Rxf5 12. Ne4 Nh6 13. Nfg5 Nd4 14. Rc1 Nxe2+ 15.
Qxe2 Nf7 16. Nxf7 Kxf7 17. Qf3 Kg8 18. a3 d5 19. Ng3 Rf7 20. cxd5 exd5 21. Kh1
Rb8 22. Rce1 b6 23. Ne2 d4 24. Ng1 Bb7 25. Qe2 Qd7 26. Nf3 Bxf3 27. Rxf3 Re8 28.
Qf2 Bd6 29. Rxe8+ Qxe8 30. Qe1 Qxe1+ 31. Bxe1 Re7 32. Bg3 Re2 33. h3 Rxb2 34.
Rf2 Rb3 0-1

[Event "Let's Play Chess!"]
[Site "http://www.queenalice.com/game.php?id=1866155"]
[Date "2025.11.25"]
[Round "-"]
[White "alow_proton"]
[Black "Capixaba789"]
[Result "1-0"]
[WhiteElo "1877"]
[BlackElo "1791"]

1. e4 d6 2. d4 Nf6 3. Nc3 e6 4. Bc4 Be7 5. Nge2 O-O 6. O-O Nc6 7. a3 a6 8. b4 b5
9. Bb3 Bb7 10. f3 e5 11. d5 Nb8 12. Ng3 Nbd7 13. f4 exf4 14. Bxf4 Ne5 15. Nf5
Ng6 16. Qd3 Nxf4 17. Rxf4 c5 18. Nxe7+ Qxe7 19. bxc5 dxc5 20. Ba2 c4 21. Qd4
Rad8 22. Bb1 Rfe8 23. a4 Qe5 24. Qxe5 Rxe5 25. axb5 axb5 26. Nxb5 Rxe4 27. Rxe4
Nxe4 28. c3 Bxd5 29. Bxe4 Bxe4 30. Re1 f5 31. h3 Rd2 32. g4 Rg2+ 33. Kf1 Rh2 34.
Nd6 Bd3+ 35. Kg1 Re2 36. Rxe2 Bxe2 37. Nxf5 Kf7 38. Kf2 Bd3 39. Nd4 Kf6 40. Ke3
Ke5 41. h4 Kd5 42. g5 Kc5 43. Ne6+ Kb5 44. Nxg7 Ka4 45. Ne6 Kb3 46. Kd4 Kc2 47.
h5 Kb3 48. g6 hxg6 49. h6 g5 50. Nxg5 Kc2 51. Ne4 Bxe4 52. Kxe4 Kxc3 53. h7 Kb3
54. h8=Q c3 55. Qb8+ Kc2 56. Qb4 Kd2 57. Qd4+ Kc2 58. Qb4 Kd2 59. Kd4 1-0

[Event "Let's Play Chess!"]
[Site "http://www.queenalice.com/game.php?id=1866157"]
[Date "2025.11.25"]
[Round "-"]
[White "Capixaba789"]
[Black "alow_proton"]
[Result "0-1"]
[WhiteElo "1778"]
[BlackElo "1837"]

1. e4 c5 2. Nf3 d6 3. Be2 Nf6 4. d3 h6 5. O-O e5 6. c4 Be7 7. Nc3 O-O 8. Nd5
Nxd5 9. exd5 f5 10. b3 f4 11. Bb2 Nd7 12. a4 Nf6 13. Nh4 Bd7 14. Ng6 Rf7 15.
Nxe7+ Qxe7 16. Bf3 g5 17. Be4 Bg4 18. f3 Bd7 19. Kh1 Kg7 20. Bc3 a5 21. Qe1 b6
22. g4 Rh8 23. Ra2 Nxe4 24. dxe4 Kf8 25. Rg2 Rg7 26. Qe2 h5 27. gxh5 Bh3 28.
Rfg1 Bxg2+ 29. Qxg2 Rxh5 30. Qg4 Rh6 31. Qc8+ Kf7 32. Qf5+ Rf6 33. Qg4 Ke8 34.
Qh5+ Rfg6 35. Qh3 Qd7 36. Qxd7+ Kxd7 37. Rg4 Rh6 38. Rg2 Rh3 39. Rf2 Ke7 0-1

[Event "Let's Play Chess!"]
[Site "http://www.queenalice.com/game.php?id=1866241"]
[Date "2025.11.29"]
[Round "-"]
[White "alow_proton"]
[Black "Capixaba789"]
[Result "1-0"]
[WhiteElo "1850"]
[BlackElo "1805"]

1. e4 e5 2. f4 d5 3. exd5 exf4 4. Nf3 Qxd5 5. Nc3 Qd8 6. d4 Nf6 7. Bxf4 c6 8. a3
Be7 9. Bc4 O-O 10. O-O Bf5 11. b4 Nbd7 12. h3 h6 13. Bd3 Nb6 14. Bxf5 Nbd5 15.
Nxd5 Nxd5 16. Bd2 Bf6 17. c3 Re8 18. Re1 Rxe1+ 19. Qxe1 a6 20. Qf2 b5 21. Ne5
Ne7 22. Be4 Rc8 23. Ng4 Nd5 24. Bxd5 Qxd5 25. Nxf6+ gxf6 26. Qxf6 Qe6 27. Qxe6
fxe6 28. Bxh6 1-0